The Umbrella Academy - Character by Actor Quiz - Statistics

General Stats
  • This quiz has been taken 692 times
  • The average score is 25 of 34
Answer Stats
Actor Character % Correct
Aidan Gallagher Number {5}
99%
Robert Sheehan Klaus
96%
Tom Hopper Luther
96%
Emmy Raver-Lampman Allison
95%
David Castañeda Diego
95%
Ellen Page Vanya
94%
Justin H. Min Ben
93%
Number {1}
93%
Number {2}
93%
Number {3}
92%
Number {4}
92%
Number {6}
92%
Number {7}
92%
Hargreeves
89%
Hargreeves
89%
Hargreeves
89%
Hargreeves
89%
Hargreeves
89%
Hargreeves
89%
Hargreeves
89%
Mary J. Blige Cha Cha
85%
Colm Feore Reginald
83%
Cameron Britton Hazel
82%
Jordan Claire Robbins Grace
75%
Adam Godley Pogo
64%
Kate Walsh The Handler
59%
John Magaro Leonard
40%
Sheila McCarthy Agnes
32%
Peabody
29%
Patch
25%
Harold
24%
Ashley Madekwe Eudora
22%
Cody Ray Thompson Dave
21%
Jenkins
21%
No matching quizzes found
Score Distribution
Percent of People with Each Score
Percentile by Number Answered
Your Score History
You have not taken this quiz